00486nam a2200181Ia 4500003000900000008004100009020001800050040001600068080001500084100001600099245006800115250001200183260003300195300001800228650002500246650001600271700001700287IN-BaIIA211028s9999 xx 000 0 eng d a81-7286-036-6 cIIA Library a51:53bARF aArfken,G. B 0aMathematical methods for physicistscG. B Arfken and H. J Weber a4th ed. aBangalorebPrism Booksc1995 axviii, 1029p. aMathematical physics aMathematics aWeber, H. J.